Statistics for This Day in History - December

Click here to take the quiz!

General Stats

  • This quiz has been taken 30,375 times
    (15,230 since last reset)
  • The average score is 21 of 31

Answer Stats

DateYearClueAnswer% Correct
Dec 11955This woman refuses to give up her bus seat in Montgomery, AlabamaRosa Parks
95%
Dec 71941This American naval base is attacked by JapanPearl Harbor
93%
Dec 101901In Stockholm, these awards are given for the first timeNobel Prizes
89%
Dec 81980This musician is killed by Mark David Chapman in New York CityJohn Lennon
83%
Dec 21848Franz Josef I becomes the leader of this empireAustrian Empire
78%
Dec 191998This politician is impeachedBill Clinton
78%
Dec 311991This country is officially dissolvedSoviet Union
77%
Dec 172011This notorious dictator dies, leaving his doughy young son in chargeKim Jong-il
76%
Dec 302006This former Iraqi leader is hangedSaddam Hussein
76%
Dec 91979This disease is declared to be eradicatedSmallpox
76%
Dec 131972Gene Cernan becomes the last of twelve people to walk hereThe Moon
75%
Dec 271831This naturalist embarks on his journey aboard the HMS BeagleCharles Darwin
73%
Dec 181892This Tchaikovsky ballet is performed for the first timeThe Nutcracker
73%
Dec 31984Thousands die after a toxic gas leak near the city of Bhopal in this countryIndia
72%
Dec 291916This "mad monk" is murdered in St. Petersburg, RussiaGrigori Rasputin
71%
Dec 241777This English sea captain discovers Kiritimati, aka, Christmas IslandJames Cook
71%
Dec 111936This British king abdicatesEdward VIII
70%
Dec 262004A deadly tsunami is caused by 9.3 earthquake off the coast of this countryIndonesia
70%
Dec 151978The U.S. announces it will establish official diplomatic relations
with China, and sever them with this country
Taiwan
69%
Dec 281065This abbey, burial place of British monarchs, is consecratedWestminster Abbey
67%
Dec 201999Portugal returns this territory to ChinaMacau
66%
Dec 51933This period of American history comes to an end, following the
ratification of the 21st amendment
Prohibition
65%
Dec 161653This leader becomes Lord Protector of EnglandOliver Cromwell
63%
Dec 231815"Emma", by this British novelist, is first publishedJane Austen
57%
Dec 141994Construction begins on the Three Gorges Dam on this riverYangtze
55%
Dec 211988Pan Am flight 103 explodes over Lockerbie, Scotland.
This country later admits responsibility.
Libya
53%
Dec 121901This Italian inventor receives the first international radio transmissionGuglielmo Marconi
50%
Dec 61998This socialist is elected President of VenezuelaHugo Chávez
49%
Dec 25271A temple to the sun god Sol Invictus is dedicated in this cityRome
48%
Dec 221942Hitler orders the mass production of this technically impressive,
but largely useless, ballistic missile
V-2
35%
Dec 41965
This rock band performs at a California "acid test"
The Grateful Dead
25%

Score Distribution

Percentile by Number Answered

Percent of People with Each Score

Your Score History

You have not taken this quiz since the last reset